[Event "Stay Safe Play From Home 365"]
[Site "Emanuel Lasker Arena"]
[Date "2020.08.07"]
[Round "3"]
[White "Ao017545"]
[Black "Batabat1955"]
[Result "0-1"]
[WhiteElo "1742"]
[BlackElo "1935"]
[Annotator "NA"]
[PlyCount "74"]
[EventDate "2020.08.07"]
[EventType "swiss (blitz)"]

1. e4 {[%emt 0:00:02]} e6 {[%emt 0:00:00]} 2. Nf3 {[%emt 0:00:02]} d5 {[%emt 0:00:00]} 3. Nc3 {[%emt 0:00:00]} dxe4 {[%emt 0:00:02]} 4. Nxe4 {[%emt 0:00:00]} Be7 {[%emt 0:00:00]} 5. h4 {[%emt 0:00:02]} Nd7 {[%emt 0:00:00]} 6. Bc4 {[%emt 0:00:05]} Ngf6 {[%emt 0:00:00]} 7. Qe2 {[%emt 0:00:03]} O-O {[%emt 0:00:03]} 8. Bd3 {[%emt 0:00:01]} b6 {[%emt 0:00:08]} 9. Nxf6+ {[%emt 0:00:01]} Nxf6 {[%emt 0:00:02]} 10. Ng5 {[%emt 0:00:05]} Bb7 {[%emt 0:00:01]} 11. b3 {[%emt 0:00:09]} c5 {[%emt 0:00:07]} 12. Bb2 {[%emt 0:00:03]} g6 {[%emt 0:00:02]} 13. Bxf6 {[%emt 0:00:02]} Bxf6 {[%emt 0:00:01]} 14. h5 {[%emt 0:00:04]} Bxa1 {[%emt 0:00:02]} 15. Nxh7 {[%emt 0:00:03]} Bg7 {[%emt 0:00:11]} 16. hxg6 {[%emt 0:00:07]} fxg6 {[%emt 0:00:01]} 17. Qxe6+ {[%emt 0:00:01]} Rf7 {[%emt 0:00:04]} 18. Bxg6 {[%emt 0:00:00]} Qe7 {[%emt 0:00:07]} 19. Bxf7+ {[%emt 0:00:00]} Qxf7 {[%emt 0:00:01]} 20. Qxf7+ {[%emt 0:00:02]} Kxf7 {[%emt 0:00:00]} 21. Ng5+ {[%emt 0:00:01]} Kg6 {[%emt 0:00:01]} 22. O-O {[%emt 0:00:00]} Re8 {[%emt 0:00:00]} 23. f4 {[%emt 0:00:00]} Rg8 {[%emt 0:00:00]} 24. f5+ {[%emt 0:00:00]} Kxg5 {[%emt 0:00:01]} 25. Rf3 {[%emt 0:00:00]} Kf6 {[%emt 0:00:00]} 26. Kf2 {[%emt 0:00:01]} Re8 {[%emt 0:00:01]} 27. Rf4 {[%emt 0:00:01]} Bd5 {[%emt 0:00:01]} 28. Rg4 {[%emt 0:00:00]} Re7 {[%emt 0:00:01]} 29. Rg6+ {[%emt 0:00:00]} Kf7 {[%emt 0:00:00]} 30. Rd6 {[%emt 0:00:01]} Bc6 {[%emt 0:00:00]} 31. Rd5 {[%emt 0:00:00]} Bf6 {[%emt 0:00:00]} 32. d4 {[%emt 0:00:00]} Bxd5 {[%emt 0:00:00]} 33. dxc5 {[%emt 0:00:02]} bxc5 {[%emt 0:00:00]} 34. Kg3 {[%emt 0:00:02]} Bd4 {[%emt 0:00:00]} 35. Kh2 {[%emt 0:00:00]} Be5+ {[%emt 0:00:00]} 36. Kh3 {[%emt 0:00:00]} Kf6 {[%emt 0:00:00]} 37. Kg4 {[%emt 0:00:00]} Rh7 {[%emt 0:00:00] Zaman Zaman Zaman Zaman Zaman (Lag: Av=0.71s, max=1.1s) (Lag: Av=0.71s, max=1.1s) (Lag: Av=0.71s, max=1.1s) (Lag: Av=0.71s, max=1.1s) (Lag: Av=0.71s, max=1.1s)} 0-1

[Event "Stay Safe Play From Home 365"]
[Site "Emanuel Lasker Arena"]
[Date "2020.08.07"]
[Round "3"]
[White "Trotsky"]
[Black "Buzaglo"]
[Result "0-1"]
[WhiteElo "1536"]
[BlackElo "1815"]
[Annotator "NA"]
[PlyCount "72"]
[EventDate "2020.08.07"]
[EventType "swiss (blitz)"]

1. d4 {[%emt 0:00:01]} e6 {[%emt 0:00:00]} 2. e3 {[%emt 0:00:01]} d5 {[%emt 0:00:00]} 3. c4 {[%emt 0:00:01]} Nf6 {[%emt 0:00:00]} 4. Nc3 {[%emt 0:00:00]} c5 {[%emt 0:00:01]} 5. Nf3 {[%emt 0:00:01]} cxd4 {[%emt 0:00:00]} 6. exd4 {[%emt 0:00:01]} Nc6 {[%emt 0:00:00]} 7. Be3 {[%emt 0:00:01]} Bb4 {[%emt 0:00:03]} 8. Qc2 {[%emt 0:00:01]} Bxc3+ {[%emt 0:00:00]} 9. bxc3 {[%emt 0:00:01]} O-O {[%emt 0:00:00]} 10. c5 {[%emt 0:00:01]} Ne4 {[%emt 0:00:02]} 11. Bd3 {[%emt 0:00:01]} Qa5 {[%emt 0:00:02]} 12. h4 {[%emt 0:00:01]} Qxc3+ {[%emt 0:00:03]} 13. Qxc3 {[%emt 0:00:02]} Nxc3 {[%emt 0:00:00]} 14. O-O {[%emt 0:00:03]} Re8 {[%emt 0:00:04]} 15. Ng5 {[%emt 0:00:01]} e5 {[%emt 0:00:01]} 16. Bxh7+ {[%emt 0:00:02]} Kh8 {[%emt 0:00:01]} 17. Bd3 {[%emt 0:00:06]} e4 {[%emt 0:00:01]} 18. Bc2 {[%emt 0:00:04]} f6 {[%emt 0:00:01]} 19. Bd2 {[%emt 0:00:08]} Ne2+ {[%emt 0:00:02]} 20. Kh2 {[%emt 0:00:02]} fxg5 {[%emt 0:00:00]} 21. hxg5 {[%emt 0:00:01]} Kg8 {[%emt 0:00:02]} 22. Rae1 {[%emt 0:00:02]} Bg4 {[%emt 0:00:04]} 23. f3 {[%emt 0:00:01]} exf3 {[%emt 0:00:01]} 24. gxf3 {[%emt 0:00:01]} Bh5 {[%emt 0:00:01]} 25. Bd3 {[%emt 0:00:04]} Nexd4 {[%emt 0:00:02]} 26. Rxe8+ {[%emt 0:00:01]} Rxe8 {[%emt 0:00:00]} 27. Re1 {[%emt 0:00:02]} Nxf3+ {[%emt 0:00:01]} 28. Kg3 {[%emt 0:00:02]} Nxe1 {[%emt 0:00:00]} 29. Bxe1 {[%emt 0:00:01]} Rxe1 {[%emt 0:00:01]} 30. Kh4 {[%emt 0:00:00]} Rd1 {[%emt 0:00:01]} 31. Bf5 {[%emt 0:00:03]} g6 {[%emt 0:00:03]} 32. Bg4 {[%emt 0:00:02]} Bxg4 {[%emt 0:00:01]} 33. Kxg4 {[%emt 0:00:01]} Rd2 {[%emt 0:00:00]} 34. a4 {[%emt 0:00:01]} Ra2 {[%emt 0:00:00]} 35. a5 {[%emt 0:00:01]} Rxa5 {[%emt 0:00:01]} 36. Kf4 {[%emt 0:00:01]} Rxc5 {[%emt 0:00:00] Âðåìÿ Âðåìÿ Âðåìÿ Âðåìÿ Âðåìÿ (Lag: Av=0.40s, max=0.5s) (Lag: Av=0.40s, max=0.5s) (Lag: Av=0.40s, max=0.5s) (Lag: Av=0.40s, max=0.5s) (Lag: Av=0.40s, max=0.5s)} 0-1

[Event "Stay Safe Play From Home 365"]
[Site "Emanuel Lasker Arena"]
[Date "2020.08.07"]
[Round "4"]
[White "Lamborghini"]
[Black "BrainThinker22"]
[Result "1-0"]
[WhiteElo "2337"]
[BlackElo "2329"]
[Annotator "NA"]
[PlyCount "131"]
[EventDate "2020.08.07"]
[EventType "swiss (blitz)"]

1. e4 {[%emt 0:00:02]} c6 {[%emt 0:00:00]} 2. d4 {[%emt 0:00:01]} d5 {[%emt 0:00:00]} 3. Nc3 {[%emt 0:00:00]} dxe4 {[%emt 0:00:00]} 4. Nxe4 {[%emt 0:00:00]} Bf5 {[%emt 0:00:00]} 5. Ng3 {[%emt 0:00:01]} Bg6 {[%emt 0:00:00]} 6. h4 {[%emt 0:00:00]} h6 {[%emt 0:00:00]} 7. Nf3 {[%emt 0:00:00]} Nd7 {[%emt 0:00:01]} 8. h5 {[%emt 0:00:00]} Bh7 {[%emt 0:00:00]} 9. Bd3 {[%emt 0:00:00]} Bxd3 {[%emt 0:00:00]} 10. Qxd3 {[%emt 0:00:00]} e6 {[%emt 0:00:00]} 11. Bf4 {[%emt 0:00:01]} Qa5+ {[%emt 0:00:01]} 12. Bd2 {[%emt 0:00:01]} Bb4 {[%emt 0:00:00]} 13. c3 {[%emt 0:00:01]} Be7 {[%emt 0:00:00]} 14. c4 {[%emt 0:00:00]} Qc7 {[%emt 0:00:00]} 15. O-O-O {[%emt 0:00:00]} Ngf6 {[%emt 0:00:00]} 16. Kb1 {[%emt 0:00:00]} O-O-O {[%emt 0:00:01]} 17. Qe2 {[%emt 0:00:01]} c5 {[%emt 0:00:01]} 18. d5 {[%emt 0:00:01]} exd5 {[%emt 0:00:01]} 19. Qxe7 {[%emt 0:00:03]} dxc4 {[%emt 0:00:04]} 20. Qxf7 {[%emt 0:00:01]} Nb6 {[%emt 0:00:05]} 21. Qxc7+ {[%emt 0:00:01]} Kxc7 {[%emt 0:00:00]} 22. Bf4+ {[%emt 0:00:02]} Kc8 {[%emt 0:00:01]} 23. Nf5 {[%emt 0:00:02]} Nbd5 {[%emt 0:00:03]} 24. Be5 {[%emt 0:00:03]} b6 {[%emt 0:00:05]} 25. Nxg7 {[%emt 0:00:01]} Kb7 {[%emt 0:00:02]} 26. Ne6 {[%emt 0:00:01]} Rd7 {[%emt 0:00:03]} 27. Nf4 {[%emt 0:00:02]} Nxf4 {[%emt 0:00:05]} 28. Rxd7+ {[%emt 0:00:04]} Nxd7 {[%emt 0:00:00]} 29. Bxh8 {[%emt 0:00:01]} Nxg2 {[%emt 0:00:00]} 30. Rg1 {[%emt 0:00:01]} Nf4 {[%emt 0:00:01]} 31. Bg7 {[%emt 0:00:01]} Nxh5 {[%emt 0:00:01]} 32. Bxh6 {[%emt 0:00:01]} Nhf6 {[%emt 0:00:00]} 33. Bf4 {[%emt 0:00:02]} Nd5 {[%emt 0:00:01]} 34. Bd2 {[%emt 0:00:02]} b5 {[%emt 0:00:01]} 35. Rg6 {[%emt 0:00:01]} a5 {[%emt 0:00:02]} 36. Ng5 {[%emt 0:00:01]} b4 {[%emt 0:00:01]} 37. Ne4 {[%emt 0:00:01]} c3 {[%emt 0:00:01]} 38. bxc3 {[%emt 0:00:01]} N5b6 {[%emt 0:00:03]} 39. cxb4 {[%emt 0:00:01]} axb4 {[%emt 0:00:01]} 40. Nd6+ {[%emt 0:00:01]} Kc6 {[%emt 0:00:01]} 41. Nc4+ {[%emt 0:00:02]} Kb5 {[%emt 0:00:00]} 42. Nxb6 {[%emt 0:00:01]} Nxb6 {[%emt 0:00:00]} 43. Rxb6+ {[%emt 0:00:01]} Kxb6 {[%emt 0:00:00]} 44. f4 {[%emt 0:00:00]} Kc6 {[%emt 0:00:00]} 45. Bxb4 {[%emt 0:00:00]} cxb4 {[%emt 0:00:01]} 46. Kb2 {[%emt 0:00:00]} Kd5 {[%emt 0:00:00]} 47. Kb3 {[%emt 0:00:00]} Ke4 {[%emt 0:00:00]} 48. Kxb4 {[%emt 0:00:00]} Kxf4 {[%emt 0:00:00]} 49. Kc5 {[%emt 0:00:00]} Ke5 {[%emt 0:00:00]} 50. a4 {[%emt 0:00:01]} Ke6 {[%emt 0:00:00]} 51. Kc6 {[%emt 0:00:00]} Ke7 {[%emt 0:00:00]} 52. Kc7 {[%emt 0:00:00]} Ke6 {[%emt 0:00:00]} 53. a5 {[%emt 0:00:00]} Kd5 {[%emt 0:00:00]} 54. a6 {[%emt 0:00:00]} Kc5 {[%emt 0:00:00]} 55. a7 {[%emt 0:00:00]} Kb5 {[%emt 0:00:00]} 56. a8=Q {[%emt 0:00:00]} Kc5 {[%emt 0:00:00]} 57. Qc6+ {[%emt 0:00:00]} Kd4 {[%emt 0:00:00]} 58. Qb5 {[%emt 0:00:01]} Ke4 {[%emt 0:00:00]} 59. Kd6 {[%emt 0:00:00]} Kd4 {[%emt 0:00:00]} 60. Qb4+ {[%emt 0:00:00]} Kd3 {[%emt 0:00:00]} 61. Ke5 {[%emt 0:00:00]} Ke3 {[%emt 0:00:00]} 62. Qc3+ {[%emt 0:00:01]} Ke2 {[%emt 0:00:00]} 63. Kf4 {[%emt 0:00:00]} Kd1 {[%emt 0:00:01]} 64. Qb2 {[%emt 0:00:00]} Ke1 {[%emt 0:00:01]} 65. Ke3 {[%emt 0:00:00]} Kf1 {[%emt 0:00:01]} 66. Qf2# {[%emt 0:00:01] (Lag: Av=0.45s, max=1.2s) (Lag: Av=0.45s, max=1.2s) (Lag: Av=0.45s, max=1.2s) (Lag: Av=0.45s, max=1.2s) (Lag: Av=0.45s, max=1.2s)} 1-0

[Event "Stay Safe Play From Home 365"]
[Site "Emanuel Lasker Arena"]
[Date "2020.08.07"]
[Round "4"]
[White "SoulofWolf"]
[Black "TheCHESSHOUSE"]
[Result "0-1"]
[WhiteElo "2189"]
[BlackElo "2028"]
[PlyCount "76"]
[EventDate "2020.08.07"]
[EventType "swiss (blitz)"]

1. e4 {[%emt 0:00:00]} c5 {[%emt 0:00:03]} 2. f4 {[%emt 0:00:01]} d6 {[%emt 0:00:01]} 3. Nf3 {[%emt 0:00:00]} Nf6 {[%emt 0:00:01]} 4. d3 {[%emt 0:00:01]} Nc6 {[%emt 0:00:00]} 5. Nbd2 {[%emt 0:00:02]} g6 {[%emt 0:00:00]} 6. Nb3 {[%emt 0:00:00]} Bg7 {[%emt 0:00:00]} 7. c3 {[%emt 0:00:00]} O-O {[%emt 0:00:00]} 8. h3 {[%emt 0:00:00]} a6 {[%emt 0:00:00]} 9. Be3 {[%emt 0:00:00]} b5 {[%emt 0:00:00]} 10. Qd2 {[%emt 0:00:01]} Bb7 {[%emt 0:00:00]} 11. g3 {[%emt 0:00:01]} Nh5 {[%emt 0:00:01]} 12. Kf2 {[%emt 0:00:01]} f5 {[%emt 0:00:01]} 13. Be2 {[%emt 0:00:01]} e5 {[%emt 0:00:01]} 14. Ng5 {[%emt 0:00:03]} exf4 {[%emt 0:00:01]} 15. gxf4 {[%emt 0:00:00]} h6 {[%emt 0:00:01]} 16. Ne6 {[%emt 0:00:01]} Qh4+ {[%emt 0:00:01]} 17. Kg2 {[%emt 0:00:04]} fxe4 {[%emt 0:00:03]} 18. Nxf8 {[%emt 0:00:07]} Rxf8 {[%emt 0:00:04]} 19. Bxh5 {[%emt 0:00:01]} Qxh5 {[%emt 0:00:01]} 20. d4 {[%emt 0:00:05]} c4 {[%emt 0:00:03]} 21. Nc1 {[%emt 0:00:03]} Ne7 {[%emt 0:00:03]} 22. Rf1 {[%emt 0:00:04]} Nf5 {[%emt 0:00:01]} 23. Qf2 {[%emt 0:00:01]} Nh4+ {[%emt 0:00:01]} 24. Kh1 {[%emt 0:00:02]} Nf3 {[%emt 0:00:01]} 25. Qg3 {[%emt 0:00:03]} Bc8 {[%emt 0:00:01]} 26. Kg2 {[%emt 0:00:04]} Kh7 {[%emt 0:00:02]} 27. Ne2 {[%emt 0:00:01]} Nh4+ {[%emt 0:00:01]} 28. Kh2 {[%emt 0:00:01]} Nf3+ {[%emt 0:00:01]} 29. Kg2 {[%emt 0:00:01]} Bf6 {[%emt 0:00:01]} 30. Ng1 {[%emt 0:00:01]} Bh4 {[%emt 0:00:01]} 31. Nxf3 {[%emt 0:00:04]} Bxg3 {[%emt 0:00:02]} 32. Kxg3 {[%emt 0:00:02]} exf3 {[%emt 0:00:01]} 33. Rxf3 {[%emt 0:00:00]} Qxh3+ {[%emt 0:00:01]} 34. Kf2 {[%emt 0:00:00]} Qg4 {[%emt 0:00:01]} 35. Rg3 {[%emt 0:00:01]} Rxf4+ {[%emt 0:00:01]} 36. Bxf4 {[%emt 0:00:01]} Qxf4+ {[%emt 0:00:00]} 37. Kg2 {[%emt 0:00:00]} Bb7+ {[%emt 0:00:01]} 38. Kh2 {[%emt 0:00:00]} Qf2+ {[%emt 0:00:01] Czas Czas Czas Czas Czas (Lag: Av=0.76s, max=1.4s) (Lag: Av=0.76s, max=1.4s) (Lag: Av=0.76s, max=1.4s) (Lag: Av=0.76s, max=1.4s) (Lag: Av=0.76s, max=1.4s)} 0-1

[Event "Stay Safe Play From Home 365"]
[Site "Emanuel Lasker Arena"]
[Date "2020.08.07"]
[Round "4"]
[White "Hickey"]
[Black "Tran Minh Thang"]
[Result "0-1"]
[WhiteElo "2142"]
[BlackElo "2452"]
[PlyCount "52"]
[EventDate "2020.08.07"]
[EventType "swiss (blitz)"]

1. Nf3 {[%emt 0:00:02]} Nf6 {[%emt 0:00:00]} 2. g3 {[%emt 0:00:00]} g6 {[%emt 0:00:01]} 3. Bg2 {[%emt 0:00:00]} Bg7 {[%emt 0:00:00]} 4. O-O {[%emt 0:00:00]} O-O {[%emt 0:00:00]} 5. b3 {[%emt 0:00:00]} d5 {[%emt 0:00:00]} 6. Bb2 {[%emt 0:00:01]} c5 {[%emt 0:00:00]} 7. e3 {[%emt 0:00:00]} Nc6 {[%emt 0:00:00]} 8. d4 {[%emt 0:00:00]} Ne4 {[%emt 0:00:00]} 9. c3 {[%emt 0:00:01]} a5 {[%emt 0:00:02]} 10. Nbd2 {[%emt 0:00:01]} a4 {[%emt 0:00:00]} 11. Nxe4 {[%emt 0:00:01]} dxe4 {[%emt 0:00:00]} 12. Nd2 {[%emt 0:00:01]} a3 {[%emt 0:00:01]} 13. Bc1 {[%emt 0:00:01]} f5 {[%emt 0:00:01]} 14. Nc4 {[%emt 0:00:01]} b5 {[%emt 0:00:01]} 15. Nd2 {[%emt 0:00:01]} b4 {[%emt 0:00:01]} 16. Qc2 {[%emt 0:00:06]} Ba6 {[%emt 0:00:02]} 17. d5 {[%emt 0:00:10]} Qxd5 {[%emt 0:00:05]} 18. c4 {[%emt 0:00:00]} Qd7 {[%emt 0:00:02]} 19. Rb1 {[%emt 0:00:00]} Ne5 {[%emt 0:00:01]} 20. Rd1 {[%emt 0:00:01]} Rad8 {[%emt 0:00:02]} 21. Bf1 {[%emt 0:00:03]} Bb7 {[%emt 0:00:01]} 22. Be2 {[%emt 0:00:02]} Nf3+ {[%emt 0:00:02]} 23. Nxf3 {[%emt 0:00:01]} exf3 {[%emt 0:00:02]} 24. Rxd7 {[%emt 0:00:00]} Rxd7 {[%emt 0:00:00]} 25. Bf1 {[%emt 0:00:01]} Be4 {[%emt 0:00:01]} 26. Qxe4 {[%emt 0:00:12]} fxe4 {[%emt 0:00:01] Hickey resigns Hickey resigns Hickey resigns Hickey resigns Hickey resigns (Lag: Av=0.97s, max=2.1s) (Lag: Av=0.97s, max=2.1s) (Lag: Av=0.97s, max=2.1s) (Lag: Av=0.97s, max=2.1s) (Lag: Av=0.97s, max=2.1s)} 0-1

[Event "Stay Safe Play From Home 365"]
[Site "Emanuel Lasker Arena"]
[Date "2020.08.07"]
[Round "4"]
[White "Haxhi Baha"]
[Black "Trotsky"]
[Result "1-0"]
[WhiteElo "2023"]
[BlackElo "1530"]
[PlyCount "53"]
[EventDate "2020.08.07"]
[EventType "swiss (blitz)"]

1. e4 {[%emt 0:00:01]} c5 {[%emt 0:00:01]} 2. Nf3 {[%emt 0:00:01]} e6 {[%emt 0:00:00]} 3. d4 {[%emt 0:00:00]} d5 {[%emt 0:00:01]} 4. exd5 {[%emt 0:00:01]} exd5 {[%emt 0:00:01]} 5. c3 {[%emt 0:00:01]} Be6 {[%emt 0:00:02]} 6. Bd3 {[%emt 0:00:01]} Nc6 {[%emt 0:00:01]} 7. O-O {[%emt 0:00:01]} c4 {[%emt 0:00:01]} 8. Bc2 {[%emt 0:00:01]} Bd6 {[%emt 0:00:01]} 9. b3 {[%emt 0:00:00]} Qc7 {[%emt 0:00:01]} 10. bxc4 {[%emt 0:00:01]} Nf6 {[%emt 0:00:01]} 11. cxd5 {[%emt 0:00:02]} Bxd5 {[%emt 0:00:01]} 12. Re1+ {[%emt 0:00:02]} Be6 {[%emt 0:00:05]} 13. d5 {[%emt 0:00:02]} O-O-O {[%emt 0:00:02]} 14. dxe6 {[%emt 0:00:03]} Bxh2+ {[%emt 0:00:03]} 15. Nxh2 {[%emt 0:00:00]} Rxd1 {[%emt 0:00:01]} 16. Rxd1 {[%emt 0:00:00]} h5 {[%emt 0:00:01]} 17. exf7 {[%emt 0:00:01]} Qxf7 {[%emt 0:00:03]} 18. Bg5 {[%emt 0:00:04]} Ng4 {[%emt 0:00:01]} 19. Nf3 {[%emt 0:00:01]} h4 {[%emt 0:00:07]} 20. Nbd2 {[%emt 0:00:11]} h3 {[%emt 0:00:01]} 21. gxh3 {[%emt 0:00:01]} Rxh3 {[%emt 0:00:03]} 22. Kg2 {[%emt 0:00:00]} Qh5 {[%emt 0:00:05]} 23. Rh1 {[%emt 0:00:02]} Nxf2 {[%emt 0:00:05]} 24. Bf5+ {[%emt 0:00:06]} Kc7 {[%emt 0:00:09]} 25. Rxh3 {[%emt 0:00:03]} Nxh3 {[%emt 0:00:02]} 26. Bxh3 {[%emt 0:00:00]} Qg6 {[%emt 0:00:01]} 27. Kf2 {[%emt 0:00:02] Âðåìÿ Âðåìÿ Âðåìÿ Âðåìÿ Âðåìÿ ' ' ' ' ' (Lag: Av=0.45s, max=1.6s) (Lag: Av=0.45s, max=1.6s) (Lag: Av=0.45s, max=1.6s) (Lag: Av=0.45s, max=1.6s) (Lag: Av=0.45s, max=1.6s)} 1-0

[Event "Stay Safe Play From Home 365"]
[Site "Emanuel Lasker Arena"]
[Date "2020.08.07"]
[Round "4"]
[White "Sfantul321"]
[Black "AChessPlayer"]
[Result "0-1"]
[WhiteElo "1973"]
[BlackElo "2436"]
[Annotator "NA"]
[PlyCount "102"]
[EventDate "2020.08.07"]
[EventType "swiss (blitz)"]

1. c4 {[%emt 0:00:02]} c6 {[%emt 0:00:01]} 2. Nc3 {[%emt 0:00:01]} d5 {[%emt 0:00:00]} 3. cxd5 {[%emt 0:00:01]} cxd5 {[%emt 0:00:00]} 4. d4 {[%emt 0:00:00]} Nc6 {[%emt 0:00:00]} 5. Nf3 {[%emt 0:00:00]} Bg4 {[%emt 0:00:01]} 6. Bf4 {[%emt 0:00:01]} Bxf3 {[%emt 0:00:01]} 7. gxf3 {[%emt 0:00:01]} e6 {[%emt 0:00:01]} 8. e3 {[%emt 0:00:01]} a6 {[%emt 0:00:00]} 9. Rc1 {[%emt 0:00:01]} Nf6 {[%emt 0:00:00]} 10. Bd3 {[%emt 0:00:01]} Bd6 {[%emt 0:00:00]} 11. Bg3 {[%emt 0:00:01]} h5 {[%emt 0:00:00]} 12. h4 {[%emt 0:00:01]} Qb8 {[%emt 0:00:01]} 13. Rg1 {[%emt 0:00:01]} g6 {[%emt 0:00:01]} 14. Qc2 {[%emt 0:00:02]} Ne7 {[%emt 0:00:02]} 15. a3 {[%emt 0:00:01]} Bxg3 {[%emt 0:00:01]} 16. fxg3 {[%emt 0:00:01]} Qd6 {[%emt 0:00:01]} 17. Kf2 {[%emt 0:00:01]} O-O {[%emt 0:00:01]} 18. b4 {[%emt 0:00:02]} Rac8 {[%emt 0:00:01]} 19. Qe2 {[%emt 0:00:01]} e5 {[%emt 0:00:01]} 20. dxe5 {[%emt 0:00:01]} Qxe5 {[%emt 0:00:00]} 21. Na2 {[%emt 0:00:02]} Rfe8 {[%emt 0:00:02]} 22. Rxc8 {[%emt 0:00:02]} Nxc8 {[%emt 0:00:01]} 23. Rc1 {[%emt 0:00:00]} Nd6 {[%emt 0:00:01]} 24. Kg2 {[%emt 0:00:02]} Qxe3 {[%emt 0:00:01]} 25. Qxe3 {[%emt 0:00:01]} Rxe3 {[%emt 0:00:00]} 26. Rd1 {[%emt 0:00:01]} Kg7 {[%emt 0:00:01]} 27. Nc1 {[%emt 0:00:02]} Re7 {[%emt 0:00:00]} 28. Ne2 {[%emt 0:00:01]} Nf5 {[%emt 0:00:02]} 29. Kf2 {[%emt 0:00:01]} Ne3 {[%emt 0:00:01]} 30. Rc1 {[%emt 0:00:01]} b5 {[%emt 0:00:01]} 31. Nd4 {[%emt 0:00:02]} Nc4 {[%emt 0:00:00]} 32. Bxc4 {[%emt 0:00:02]} dxc4 {[%emt 0:00:00]} 33. Nc6 {[%emt 0:00:01]} Rc7 {[%emt 0:00:01]} 34. Nd4 {[%emt 0:00:03]} Nd5 {[%emt 0:00:01]} 35. f4 {[%emt 0:00:01]} Nf6 {[%emt 0:00:01]} 36. Nf3 {[%emt 0:00:01]} Rd7 {[%emt 0:00:02]} 37. Rc2 {[%emt 0:00:01]} Ne4+ {[%emt 0:00:01]} 38. Kg2 {[%emt 0:00:01]} Rd3 {[%emt 0:00:01]} 39. Ra2 {[%emt 0:00:02]} Nc3 {[%emt 0:00:01]} 40. Rc2 {[%emt 0:00:01]} Nd1 {[%emt 0:00:01]} 41. Rd2 {[%emt 0:00:02]} Ne3+ {[%emt 0:00:01]} 42. Kf2 {[%emt 0:00:01]} Ng4+ {[%emt 0:00:00]} 43. Kg2 {[%emt 0:00:01]} Rxd2+ {[%emt 0:00:00]} 44. Nxd2 {[%emt 0:00:01]} c3 {[%emt 0:00:00]} 45. Nb3 {[%emt 0:00:01]} c2 {[%emt 0:00:01]} 46. Kf3 {[%emt 0:00:00]} Kf6 {[%emt 0:00:01]} 47. Ke2 {[%emt 0:00:01]} Kf5 {[%emt 0:00:01]} 48. Nd4+ {[%emt 0:00:01]} Ke4 {[%emt 0:00:00]} 49. Nxc2 {[%emt 0:00:00]} Nh6 {[%emt 0:00:00]} 50. Kf2 {[%emt 0:00:02]} Nf5 {[%emt 0:00:00]} 51. Ne1 {[%emt 0:00:03]} Nd4 {[%emt 0:00:01] Time Time Time Time Time (Lag: Av=0.58s, max=1.6s) (Lag: Av=0.58s, max=1.6s) (Lag: Av=0.58s, max=1.6s) (Lag: Av=0.58s, max=1.6s) (Lag: Av=0.58s, max=1.6s)} 0-1

[Event "Stay Safe Play From Home 365"]
[Site "Emanuel Lasker Arena"]
[Date "2020.08.07"]
[Round "4"]
[White "Batabat1955"]
[Black "NTBT_DHS"]
[Result "0-1"]
[WhiteElo "1943"]
[BlackElo "2581"]
[Annotator "NA"]
[PlyCount "106"]
[EventDate "2020.08.07"]
[EventType "swiss (blitz)"]

1. d3 {[%emt 0:00:01]} Nf6 {[%emt 0:00:01]} 2. e4 {[%emt 0:00:00]} d5 {[%emt 0:00:00]} 3. e5 {[%emt 0:00:01]} Nfd7 {[%emt 0:00:00]} 4. f4 {[%emt 0:00:00]} c5 {[%emt 0:00:01]} 5. Nf3 {[%emt 0:00:00]} Nc6 {[%emt 0:00:00]} 6. c3 {[%emt 0:00:00]} d4 {[%emt 0:00:01]} 7. Be2 {[%emt 0:00:01]} e6 {[%emt 0:00:01]} 8. O-O {[%emt 0:00:01]} b6 {[%emt 0:00:00]} 9. Nbd2 {[%emt 0:00:01]} Bb7 {[%emt 0:00:00]} 10. Ng5 {[%emt 0:00:01]} g6 {[%emt 0:00:03]} 11. Nc4 {[%emt 0:00:02]} h6 {[%emt 0:00:01]} 12. Ne4 {[%emt 0:00:01]} Qc7 {[%emt 0:00:12]} 13. Ncd6+ {[%emt 0:00:03]} Bxd6 {[%emt 0:00:00]} 14. Nxd6+ {[%emt 0:00:01]} Kf8 {[%emt 0:00:00]} 15. g4 {[%emt 0:00:02]} Kg7 {[%emt 0:00:02]} 16. f5 {[%emt 0:00:01]} Ndxe5 {[%emt 0:00:00]} 17. Nxb7 {[%emt 0:00:02]} Qxb7 {[%emt 0:00:01]} 18. fxe6 {[%emt 0:00:01]} fxe6 {[%emt 0:00:00]} 19. Bf4 {[%emt 0:00:02]} g5 {[%emt 0:00:02]} 20. Bxe5+ {[%emt 0:00:01]} Nxe5 {[%emt 0:00:01]} 21. Bf3 {[%emt 0:00:01]} Nxf3+ {[%emt 0:00:02]} 22. Qxf3 {[%emt 0:00:01]} Qxf3 {[%emt 0:00:01]} 23. Rxf3 {[%emt 0:00:00]} dxc3 {[%emt 0:00:00]} 24. bxc3 {[%emt 0:00:01]} Rhf8 {[%emt 0:00:00]} 25. Raf1 {[%emt 0:00:02]} Rxf3 {[%emt 0:00:01]} 26. Rxf3 {[%emt 0:00:00]} Rf8 {[%emt 0:00:01]} 27. Kf2 {[%emt 0:00:01]} Rf4 {[%emt 0:00:04]} 28. Ke3 {[%emt 0:00:04]} Rxg4 {[%emt 0:00:01]} 29. d4 {[%emt 0:00:02]} cxd4+ {[%emt 0:00:01]} 30. cxd4 {[%emt 0:00:01]} Rh4 {[%emt 0:00:00]} 31. h3 {[%emt 0:00:01]} h5 {[%emt 0:00:01]} 32. Rg3 {[%emt 0:00:01]} Kf6 {[%emt 0:00:01]} 33. Rf3+ {[%emt 0:00:01]} Kg6 {[%emt 0:00:00]} 34. Rg3 {[%emt 0:00:01]} a5 {[%emt 0:00:00]} 35. a4 {[%emt 0:00:01]} Rf4 {[%emt 0:00:01]} 36. Rg2 {[%emt 0:00:05]} Kf5 {[%emt 0:00:00]} 37. Rb2 {[%emt 0:00:01]} Re4+ {[%emt 0:00:02]} 38. Kd3 {[%emt 0:00:01]} e5 {[%emt 0:00:01]} 39. dxe5 {[%emt 0:00:03]} Rb4 {[%emt 0:00:02]} 40. Re2 {[%emt 0:00:03]} Ke6 {[%emt 0:00:00]} 41. Rg2 {[%emt 0:00:03]} g4 {[%emt 0:00:00]} 42. hxg4 {[%emt 0:00:01]} hxg4 {[%emt 0:00:00]} 43. Re2 {[%emt 0:00:00]} Rxa4 {[%emt 0:00:00]} 44. Rb2 {[%emt 0:00:01]} Rb4 {[%emt 0:00:00]} 45. Rc2 {[%emt 0:00:01]} Kxe5 {[%emt 0:00:01]} 46. Ke3 {[%emt 0:00:00]} Rb3+ {[%emt 0:00:01]} 47. Kf2 {[%emt 0:00:01]} a4 {[%emt 0:00:00]} 48. Kg2 {[%emt 0:00:00]} a3 {[%emt 0:00:01]} 49. Re2+ {[%emt 0:00:00]} Kf4 {[%emt 0:00:01]} 50. Ra2 {[%emt 0:00:00]} Rb2+ {[%emt 0:00:00]} 51. Rxb2 {[%emt 0:00:01]} axb2 {[%emt 0:00:00]} 52. Kf2 {[%emt 0:00:00]} b1=Q {[%emt 0:00:00]} 53. Ke2 {[%emt 0:00:00]} Qc2+ {[%emt 0:00:00] Time Time Time Time Time (Lag: Av=0.82s, max=1.5s) (Lag: Av=0.82s, max=1.5s) (Lag: Av=0.82s, max=1.5s) (Lag: Av=0.82s, max=1.5s) (Lag: Av=0.82s, max=1.5s)} 0-1